Govt. of
Madhya Pradesh

Veer Savarkar (Record no. 63756)

MARC details
000 -LEADER
fixed length control field 00245nam a22001097a 4500
082 ## - DEWEY DECIMAL CLASSIFICATION NUMBER
Classification number 920/SHA
100 ## - MAIN ENTRY--AUTHOR NAME
Personal name Sharma, Summan Kumar
245 ## - TITLE STATEMENT
Title Veer Savarkar
260 ## - PUBLICATION, DISTRIBUTION, ETC. (IMPRINT)
Place of publication Delhi
Name of publisher Raj Pub
Year of publication 2017
650 ## - SUBJECT ADDED ENTRY--TOPICAL TERM
Topical Term Biography
942 ## - ADDED ENTRY ELEMENTS (KOHA)
Koha item type Books
Holdings
Withdrawn status Lost status Damaged status Not for loan Home library Current library Date acquired Cost, normal purchase price Full call number Accession Number Price effective from Koha item type
        MACL MACL 21/10/2020 1195.00 920/SHA CRE036815 21/10/2020 Books